| 000 | 00672nam a2200229 4500 | ||
|---|---|---|---|
| 999 |
_c1473 _d1473 |
||
| 001 | 1473 | ||
| 003 | BD-JhCC | ||
| 005 | 20221107134024.0 | ||
| 008 | 171019s2001 bg |||| |||| 000 0 ben d | ||
| 020 | _a98481601623 | ||
| 035 | _a(BD-JhCC) 1473 | ||
| 040 |
_aBD-JhCC _dBD-JhCC |
||
| 041 | _aben | ||
| 082 |
_a491.443 _bHAQ 2001 |
||
| 100 | _aহক, সৈয়দ শামসুল | ||
| 245 |
_aউপন্যাস সমগ্র ৪ / _cসৈয়দ শামসুল হক, |
||
| 260 |
_aঢাকা : _bঅন্য প্রকাশ, _c2001. |
||
| 300 |
_a304 p. : _c21 cm. |
||
| 650 | _aCollection of Novel | ||
| 942 |
_2ddc _cBK _01 |
||